Digital signal and image processing / (Record no. 180110)
[ view plain ]
| 000 -LEADER | |
|---|---|
| fixed length control field | 01324 a2200241 4500 |
| 003 - CONTROL NUMBER IDENTIFIER | |
| control field | Nust |
| 005 - DATE AND TIME OF LATEST TRANSACTION | |
| control field | 20221022133257.0 |
| 010 ## - LIBRARY OF CONGRESS CONTROL NUMBER | |
| LC control number | 2003047903 |
| 020 ## - INTERNATIONAL STANDARD BOOK NUMBER | |
| International Standard Book Number | 9812531122 |
| 040 ## - CATALOGING SOURCE | |
| Transcribing agency | Nust |
| 082 00 - DEWEY DECIMAL CLASSIFICATION NUMBER | |
| Classification number | 621.3,BOS |
| 100 1# - MAIN ENTRY--PERSONAL NAME | |
| Personal name | Bose, Tamal. |
| 9 (RLIN) | 60594 |
| 245 10 - TITLE STATEMENT | |
| Title | Digital signal and image processing / |
| Statement of responsibility, etc. | Tamal Bose ; with Francois Meyer contributing Chapter 10 and Mei-Qin Chen contributing the Appendix. |
| 260 ## - PUBLICATION, DISTRIBUTION, ETC. | |
| Place of publication, distribution, etc. | Hoboken, NJ : |
| Name of publisher, distributor, etc. | J. Wiley, |
| Date of publication, distribution, etc. | c2004. |
| 300 ## - PHYSICAL DESCRIPTION | |
| Extent | xiv, 706 p. : |
| Other physical details | ill. ; |
| Dimensions | 24 cm. |
| 505 ## - FORMATTED CONTENTS NOTE | |
| Formatted contents note | Fundamental Concepts (Page-1), Fourier Analysis (Page-75), Transform and Digital Filters (Page-160), Filter Design and Implementations (Page-228), MultiMate Signal Processing (Page-319), Finite World length Effects (Page-365), Adaptive Signal Processing (Page-422), Least Squares Adaptive Algorithms(Page-483), Linear Prediction (Page-520), Image Processing Fundamentals (Page-552), Image Compression and Coding (Page-623). |
| 650 #0 - SUBJECT ADDED ENTRY--TOPICAL TERM | |
| Topical term or geographic name entry element | Holography |
| General subdivision | Data processing. |
| 9 (RLIN) | 101163 |
| 650 #0 - SUBJECT ADDED ENTRY--TOPICAL TERM | |
| Topical term or geographic name entry element | Image processing |
| General subdivision | Digital techniques. |
| 9 (RLIN) | 673 |
| 650 #0 - SUBJECT ADDED ENTRY--TOPICAL TERM | |
| Topical term or geographic name entry element | Signal processing |
| General subdivision | Digital techniques. |
| 9 (RLIN) | 55548 |
| 856 42 - ELECTRONIC LOCATION AND ACCESS | |
| Materials specified | Publisher description |
| Uniform Resource Identifier | <a href="http://www.loc.gov/catdir/description/wiley041/2003047903.html">http://www.loc.gov/catdir/description/wiley041/2003047903.html</a> |
| 856 42 - ELECTRONIC LOCATION AND ACCESS | |
| Materials specified | Table of contents |
| Uniform Resource Identifier | <a href="http://www.loc.gov/catdir/toc/wiley032/2003047903.html">http://www.loc.gov/catdir/toc/wiley032/2003047903.html</a> |
| 942 ## - ADDED ENTRY ELEMENTS (KOHA) | |
| Source of classification or shelving scheme | |
| Koha item type | Book |
| Withdrawn status | Lost status | Source of classification or shelving scheme | Damaged status | Not for loan | Permanent Location | Current Location | Shelving location | Date acquired | Full call number | Barcode | Date last seen | Price effective from | Koha item type | Public note |
|---|---|---|---|---|---|---|---|---|---|---|---|---|---|---|
| Military College of Signals (MCS) | Military College of Signals (MCS) | General Stacks | 12/12/2016 | 621.3,BOS | MCS30853 | 12/08/2016 | 12/12/2016 | Book | Almirah No.27, Shelf No.6 | |||||
| Military College of Signals (MCS) | Military College of Signals (MCS) | General Stacks | 12/12/2016 | 621.3,BOS | MCS31816 | 12/08/2016 | 12/12/2016 | Book | Almirah No.27, Shelf No.6 |
